| 000 | 01142nam a2200253 a 4500 | ||
|---|---|---|---|
| 003 | SISC | ||
| 005 | 20170118090306.0 | ||
| 008 | 120829s19uu xx 00 eng d | ||
| 020 | _a9780230218581 | ||
| 050 |
_aHD 30.28 _b.C356 2011 |
||
| 100 | _aCampbell, David J. | ||
| 245 |
_aBusiness strategy : _ban introduction / _cDavid Campbell, David Edgar, George Stonehouse. |
||
| 250 | _a3rd edition. | ||
| 260 |
_aHoundsmills, Basingstoke, Hampshire ; New York : _bPalgrave Macmillan, _c2011. |
||
| 300 |
_axxvi, 363 pages. : _bcolor illustrations ; _c26 cm. |
||
| 500 | _aIncludes glossary and index. | ||
| 520 | _a"Business Strategy: An Introduction is an accessible textbook providing a straightforward and comprehensive guide to strategic management for undergraduate students of business and management. It presents complex issues and concepts in a clear and concise manner and is a definitive guide for those new to the subject"-- Provided by publisher. | ||
| 650 | _aBusiness planning. | ||
| 650 | _aStrategic planning. | ||
| 700 | _aEdgar, David. | ||
| 700 | _aStonehouse, George. | ||
| 942 |
_cBK _2lcc _kFOR |
||
| 999 |
_c25258 _d25258 |
||